000 00555nam a2200181Ia 4500
003 GCL
008 140319s9999 xx 000 0 ara d
040 _aGCL /
_cGCL
082 0 4 _a229,3
_bص د
100 1 _aصلاح سيف الدين
245 1 0 _aالدعاء المبارك: شروطه. اوقاته. وفوائدة. اذكارة /
_cصلاح سيف الدين
260 _a[S.N] :
_bالروضة للنشر والتوزيع
300 _a127 ص
490 _a
650 0 4 _aالدعاء
650 0 4 _aادعية واذكار
942 _2ddc
_cBK
999 _c53136
_d53136